Current diagnosis & treatment in otolaryngology : (Record no. 10417)

MARC details
000 -LEADER
fixed length control field 00690nam a22002172 4500
001 - CONTROL NUMBER
control field 0000024907
005 - DATE AND TIME OF LATEST TRANSACTION
control field 20151217152307.0
008 - FIXED-LENGTH DATA ELEMENTS--GENERAL INFORMATION
fixed length control field 140325s xx 000 0 eng d
020 ## - INTERNATIONAL STANDARD BOOK NUMBER
International Standard Book Number 007176316 :
040 ## - CATALOGING SOURCE
Original cataloging agency KABU
Transcribing agency KABU
245 10 - TITLE STATEMENT
Title Current diagnosis & treatment in otolaryngology :
Remainder of title head & neck surgery /
Statement of responsibility, etc. edited by Anil K. Lalwani.
250 ## - EDITION STATEMENT
Edition statement 3rd ed.
260 ## - PUBLICATION, DISTRIBUTION, ETC. (IMPRINT)
Place of publication, distribution, etc. New York :
Name of publisher, distributor, etc. McGraw-Hill,
Date of publication, distribution, etc. 2012.
300 ## - PHYSICAL DESCRIPTION
Extent xix, 1013 p.
650 #0 - SUBJECT ADDED ENTRY--TOPICAL TERM
Topical term or geographic name as entry element Otolaryngology.
-- 0000180766
650 #0 - SUBJECT ADDED ENTRY--TOPICAL TERM
Topical term or geographic name as entry element Otolaryngology, Operative.
-- 0000184501
700 1# - ADDED ENTRY--PERSONAL NAME
Personal name Lalwani, Anil K.
-- 0000185182
852 1# - LOCATION
-- p4350 KES
908 ## - PUT COMMAND PARAMETER (RLIN)
Put command parameter 140325
950 ## - LOCAL HOLDINGS (RLIN)
-- 1
Holdings
Withdrawn status Lost status Source of classification or shelving scheme Not for loan Home library Current library Date acquired Total Checkouts Full call number Barcode Date last seen Date last checked out Price effective from Koha item type
    Library of Congress Classification   Kabarak, Main Campus Kabarak, Main Campus 17/12/2015 2 RF56 .C87 2012 c. 1 017909 06/05/2025 02/04/2025 17/12/2015 General Collection
Designed with assistance from East African Informatics Ltd